Valparaíso de mi Amor. Música de la bohemia tradicional.

Salvato in:
Dettagli Bibliografici
Autore principale: Oteiza Aravena, Rodrigo (contenidos)
Altri autori: Gana Núñez, Alejandro (Redattore)
Natura: Libro
Pubblicazione: Valparaíso, Chile: Ministerio de las Culturas, las Artes y el Patrimonio, 2022.
Edizione:Primera edición
Serie:Colección Patrimonio Vivo.
Soggetti:
Accesso online:Disponible Online - Servicio Nacional del Patrimonio Cultural
Tags: Aggiungi Tag
Nessun Tag, puoi essere il primo ad aggiungerne!!

MARC

LEADER 00000nam a22000007a 4500
003 CL-VaPUC
005 20230608095520.0
008 230517t2022 ||||| |||| 00| 0 eng d
999 |c 440869  |d 440867 
020 |a 978-956-244-570-2 
040 |c Pontificia Universidad Católica de Valparaíso 
082 0 4 |2 21  |a 781.630983 OTE 2022 
100 1 |a Oteiza Aravena, Rodrigo   |e contenidos  |9 882583 
245 1 0 |a Valparaíso de mi Amor.  |b Música de la bohemia tradicional. 
250 |a Primera edición 
260 |a Valparaíso, Chile:  |b Ministerio de las Culturas, las Artes y el Patrimonio,  |c 2022. 
300 |a 107 páginas; ilustraciones. 
490 0 |a Colección Patrimonio Vivo. 
500 |a c.1 Donación Profesora Laura Jordán. Memo 2/5/2023 
583 |c 20230517  |k Catalogador Asistente 
650 1 |a Patrimonio inmaterial  |z Valparaíso, Chile  |9 882584 
650 1 |a Bohemia porteña  |9 473371 
650 1 |a Música tradicional chilena  |9 495919 
650 1 |a Música popular chilena  |9 522671 
700 |a Gana Núñez, Alejandro   |e editor  |9 882585 
856 |u https://www.patrimonioinmaterial.gob.cl/sites/www.patrimonioinmaterial.gob.cl/files/2023-03/VALPARAISO%20DE%20MI%20AMOR_versi%C3%B3n%20digital.pdf  |y Disponible Online - Servicio Nacional del Patrimonio Cultural 
942 |2 ddc  |c BK 
952 |0 0  |1 0  |2 ddc  |4 0  |6 781_630983000000000_OTE_2022  |7 0  |8 A  |9 590042  |a BIBEDU  |b BIBEDU  |c GEN  |d 2023-05-17  |e Donación  |i 5657450  |l 1  |m 1  |o 781.630983 OTE 2022  |p 5657450  |r 2024-04-17  |s 2024-04-08  |t 1  |w 2023-05-17  |y BK  |k MUS